000 003120000a22001450004500
001 005599
003 MACL
040 _aMACL
090 _c17592
_d17591
245 _aSabaa Asraar
_bMasoomk Shah Mohd
260 _aMatba Noor ul Afaq Calcutta
350 _a1.50
650 _aUrdu Literature
942 _k891
_cBook
999 _c17481
_d17481